| 000 | 00460 a2200169 4500 | ||
|---|---|---|---|
| 020 | _a073571147X | ||
| 040 | _aDLC | ||
| 082 | 0 | 0 | _a006.6869 |
| 100 | 1 | _aKelby, Scott. | |
| 245 | 1 | 0 |
_aPhotoshop 6 down & dirty tricks _cScott Kelby. |
| 250 | _a1st ed. | ||
| 260 |
_aNew Delhi : _bNew Riders Techmedia Pub., _c2001. |
||
| 300 |
_axi, 225 p. : _bcol. ill. ; _c26 cm. |
||
| 500 | _aIncludes index. | ||
| 650 | 0 | _aComputer graphics. | |
| 942 |
_cBK _k006.6869 KEL _2ddc |
||
| 999 |
_c7138 _d7138 |
||